Statistics for All Nine Inch Nails Songs

Click here to take the quiz!

General Stats

  • This quiz has been taken 140 times
    (131 since last reset)
  • The average score is 87 of 242

Answer Stats

AlbumSong% Correct
The Downward SpiralCloser
92%
Pretty Hate MachineHead Like a Hole
90%
The Downward SpiralHurt
90%
The Downward SpiralMarch of the Pigs
89%
Pretty Hate MachineTerrible Lie
89%
Pretty Hate MachineSin
86%
The Downward SpiralMr. Self Destruct
83%
The Downward SpiralPiggy
82%
BrokenWish
80%
The Downward SpiralThe Downward Spiral
79%
The FragileThe Fragile
79%
Pretty Hate MachineDown in It
77%
The Downward SpiralReptile
77%
The Downward SpiralHeresy
76%
Pretty Hate MachineSomething I Can Never Have
75%
The Downward SpiralA Warm Place
73%
Pretty Hate MachineRingfinger
73%
With TeethThe Hand That Feeds
73%
Lost HighwayThe Perfect Drug
72%
The FragileThe Wretched
72%
With TeethWith Teeth
72%
BrokenHappiness in Slavery
70%
The FragileThe Frail
70%
The Downward SpiralBig Man with a Gun
69%
The Downward SpiralEraser
69%
The FragileWe're in This Together
69%
The FragileLa Mer
68%
Pretty Hate MachineSanctified
68%
The FragileSomewhat Damaged
68%
The FragileThe Day the World Went Away
68%
BrokenLast
66%
The Downward SpiralRuiner
66%
The Downward SpiralThe Becoming
66%
With TeethOnly
65%
BrokenPinion
65%
Pretty Hate MachineKinda I Want To
62%
BrokenSuck
61%
Year ZeroSurvivalism
61%
Broken | FixedGave Up
59%
BrokenHelp Me I Am in Hell
59%
The Downward SpiralI Do Not Want This
59%
BrokenPhysical
59%
Pretty Hate MachineThat's What I Get
59%
The Slip1,000,000
58%
With TeethAll the Love in the World
58%
The Slip999,999
56%
The FragilePilgrimage
56%
The FragileRipe (With Decay)
56%
Hesitation MarksCopy of a
55%
The FragileInto the Void
55%
Pretty Hate MachineThe Only Time
55%
Year ZeroCapital G
54%
With TeethSunspots
54%
The FragileWhere Is Everybody?
54%
Pretty Hate MachineGet Down Make Love
52%
The FragileEven Deeper
51%
The FragileNo, You Don't
51%
With TeethRight Where It Belongs
51%
Hesitation MarksCame Back Haunted
49%
With TeethThe Collector
49%
Year ZeroHyperpower!
48%
The FragileJust Like You Imagined
48%
The FragileThe Mark Has Been Made
48%
The SlipDiscipline
46%
With TeethEvery Day Is Exactly the Same
46%
The FragilePlease
46%
The FragileStarf**kers, Inc.
46%
Year Zero | Year Zero RemixedThe Beginning of the End
46%
The FragileUnderneath It All
46%
The SlipEchoplex
45%
The FragileI'm Looking Forward to Joining You, Finally
45%
The FragileComplication
42%
Year Zero | Year Zero RemixedMe, I'm Not
42%
The FragileThe Big Come Down
42%
Hesitation MarksThe Eater of Dreams
42%
The FragileThe Great Below
42%
Year Zero | Year Zero RemixedThe Great Destroyer
42%
With TeethHome
41%
Year Zero | Year Zero RemixedIn This Twilight
41%
Add ViolenceLess Than
41%
The FragileThe Way Out Is Through
41%
Year Zero | Year Zero RemixedGod Given
39%
Year ZeroThe Good Soldier
39%
With TeethYou Know What You Are?
39%
Year Zero | Year Zero RemixedZero-Sum
39%
Not the Actual EventsBranches/Bones
38%
Hesitation MarksSatellite
38%
Bad WitchSh*t Mirror
38%
Year Zero | Year Zero RemixedVessel
38%
Hesitation MarksAll Time Low
37%
Year Zero | Year Zero RemixedAnother Version of the Truth
37%
With TeethBeside You in Time
37%
The SlipCorona Radiata
37%
Bad WitchGod Break Down the Door
37%
With TeethLove Is Not Enough
37%
With TeethThe Line Begins to Blur
37%
With TeethGetting Smaller
35%
The SlipDemon Seed
34%
The SlipLetting You
34%
Year Zero | Year Zero RemixedMeet Your Master
34%
Year Zero | Year Zero RemixedMy Violent Heart
34%
Add ViolenceThe Lovers
34%
Bad WitchAhead of Ourselves
32%
Hesitation MarksBlack Noise
32%
Hesitation MarksDisappointed
32%
Hesitation MarksEverything
32%
FixedFist F**k
32%
Ghosts I-IV1 Ghosts I
31%
The SlipHead Down
31%
Not the Actual EventsShe's Gone Away
31%
Year ZeroThe Greater Good
31%
Ghosts I-IV2 Ghosts I
30%
Ghosts I-IV3 Ghosts I
30%
Ghosts I-IV4 Ghosts I
30%
Ghosts I-IV5 Ghosts I
30%
The SlipLights in the Sky
30%
Hesitation MarksRunning
30%
FixedScreaming Slave
30%
Ghosts I-IV10 Ghosts II
28%
Ghosts I-IV11 Ghosts II
28%
Ghosts I-IV12 Ghosts II
28%
Ghosts I-IV13 Ghosts II
28%
Ghosts I-IV14 Ghosts II
28%
Ghosts I-IV15 Ghosts II
28%
Ghosts I-IV16 Ghosts II
28%
Ghosts I-IV17 Ghosts II
28%
Ghosts I-IV18 Ghosts II
28%
Ghosts I-IV19 Ghosts III
28%
Ghosts I-IV20 Ghosts III
28%
Ghosts I-IV21 Ghosts III
28%
Ghosts I-IV22 Ghosts III
28%
Ghosts I-IV23 Ghosts III
28%
Ghosts I-IV24 Ghosts III
28%
Ghosts I-IV25 Ghosts III
28%
Ghosts I-IV26 Ghosts III
28%
Ghosts I-IV27 Ghosts III
28%
Ghosts I-IV28 Ghosts IV
28%
Ghosts I-IV29 Ghosts IV
28%
Ghosts I-IV30 Ghosts IV
28%
Ghosts I-IV31 Ghosts IV
28%
Ghosts I-IV32 Ghosts IV
28%
Ghosts I-IV33 Ghosts IV
28%
Ghosts I-IV34 Ghosts IV
28%
Ghosts I-IV35 Ghosts IV
28%
Ghosts I-IV36 Ghosts IV
28%
Ghosts I-IV6 Ghosts I
28%
Ghosts I-IV7 Ghosts I
28%
Ghosts I-IV8 Ghosts I
28%
Ghosts I-IV9 Ghosts I
28%
Hesitation MarksIn Two
28%
Bad WitchPlay the Goddamned Part
28%
The SlipThe Four of Us Are Dying
28%
Not the Actual EventsThe Idea of You
28%
Hesitation MarksVarious Methods of Escape
28%
Ghosts I-IV37 Ghosts
27%
Ghosts I-IV38 Ghosts
27%
Things Falling ApartMetal
27%
Add ViolenceNot Anymore
27%
Bad WitchOver and Out
27%
Add ViolenceThe Background World
27%
Not the Actual EventsDear World,
25%
Hesitation MarksI Would for You
25%
Hesitation MarksFind My Way
24%
Year ZeroThe Warning
24%
Not the Actual EventsBurning Bright (Field on Fire)
23%
Hesitation MarksWhile I'm Still Here
23%
Further Down the SpiralHurt (Quiet)
21%
Bad WitchI'm Not from This World
21%
Further Down the SpiralPiggy (Nothing Can Stop Me Now)
21%
Further Down the SpiralSelf Destruction, Part Two
21%
Further Down the SpiralAt the Heart of It All
20%
Further Down the SpiralSelf Destruction, Final
20%
FixedThrow This Away
20%
Ghosts V: TogetherTogether
20%
Things Falling ApartSlipping Away
18%
Further Down the SpiralThe Art of Self Destruction, Part One
18%
Further Down the SpiralRuiner (Version)
17%
Further Down the SpiralSelf Destruction, Part Three
17%
Things Falling ApartThe Great Collapse
17%
Add ViolenceThis Isn't the Place
17%
Further Down the SpiralErased, Over, Out
15%
Ghosts VI: LocustsThe Worriment Waltz
15%
Ghosts V: TogetherYour Touch
15%
Ghosts VI: LocustsAnother Crashed Car
14%
Further Down the SpiralEraser (Polite)
14%
Further Down the SpiralReptilian
14%
With TeethRight Where It Belongs (Version 2)
14%
Ghosts VI: LocustsThe Cursed Clock
14%
Further Down the SpiralThe Downward Spiral (The Bottom)
14%
Further Down the SpiralEraser (Denial; Realization)
13%
Year Zero RemixedGunshots by Computer
13%
Further Down the SpiralHeresy (Version)
13%
Further Down the SpiralHurt (Live)
13%
Ghosts VI: LocustsRight Behind You
13%
Things Falling ApartStarf**kers, Inc. (Version)
13%
Further Down the SpiralThe Beauty of Being Numb
13%
With TeethThe Hand That Feeds (Ruff Mix)
13%
Ghosts VI: LocustsTemp Fix
11%
Things Falling ApartThe Wretched (Version)
11%
Things Falling Apart10 Miles High (Version)
10%
Things Falling ApartThe Frail (Version)
10%
Things Falling ApartWhere Is Everybody? (Version)
10%
Ghosts V: TogetherWith Faith
10%
Ghosts V: TogetherApart
8%
Ghosts VI: LocustsA Really Bad Night
8%
Ghosts VI: LocustsRun Like Hell
8%
Ghosts VI: LocustsSo Tired
8%
Ghosts VI: LocustsTrust Fades
8%
Ghosts VI: LocustsAlmost Dawn
7%
Ghosts V: TogetherHope We Can Again
7%
Ghosts V: TogetherLetting Go While Holding On
7%
Things Falling ApartStarf**kers, Inc. (Version 1)
7%
Things Falling ApartStarf**kers, Inc. (Version 2)
7%
Ghosts V: TogetherStill Right Here
7%
Year Zero RemixedSurvivalism (Survivalism_Tardusted)
7%
Ghosts VI: LocustsTurn This Off Please
7%
Hesitation MarksAll Time Low (Todd Rundgren Remix)
6%
Ghosts VI: LocustsAround Every Corner
6%
Year Zero RemixedCapital G (Capital G: Phones 666 Revolutions)
6%
Year Zero RemixedThe Warning (The Warning: Real World Remix)
6%
Ghosts VI: LocustsWhen It Happens (Don't Mind Me)
6%
Ghosts VI: LocustsYour New Normal
6%
Remix 2014 EPCopy of a (Simian Mobile Disco Remix)
4%
Hesitation Marks | Remix 2014 EPEverything (Autolux Remix)
4%
Hesitation MarksFind My Way (Oneohtrix Point Never Remix)
4%
Ghosts VI: LocustsJust Breathe
4%
Ghosts V: TogetherOut in the Open
4%
Remix 2014 EPRunning (Cold Cave Remix)
4%
Remix 2014 EPSatellite (Hot Chip Remix)
4%
Hesitation MarksWhile I'm Still Here (Breyer P-Orridge 'Howler' Remix)
4%

Score Distribution

Percentile by Number Answered

Percent of People with Each Score

Your Score History

You have not taken this quiz since the last reset